00234pam a2200109 a 4500020000500000041000500005082001300010100001700023245004200040260003400082300000800116 c h a920bBHA aBhattacharya aShadow From LadakhhTextual Documents aPunebHind Pocket Booksc1966 a350